| 000 | 00699nam a22002297a 4500 | ||
|---|---|---|---|
| 005 | 20170124110008.0 | ||
| 010 | _a707181 | ||
| 020 |
_c00.00 _a706920793 |
||
| 035 | _a707181 | ||
| 037 | _bCen Lib/Ret | ||
| 040 |
_aDPL _bEN |
||
| 082 |
_a351.9 _bNOO |
||
| 100 |
_aNoorani, A.G. _94247 |
||
| 245 |
_aMinisters misconduct / _cby A.G.Noorani |
||
| 260 |
_aNew Delhi _bVikas publishing house _c1973 |
||
| 270 |
_a5,Ansari Road Darya Ganj _bNew Delhi _e110002 |
||
| 300 |
_a412p. _c21cm(Hb) |
||
| 500 | _aIncludes index | ||
| 650 |
_aExecutive departments--Management _974405 |
||
| 650 |
_aExecutive departments--Officials and employees _974406 |
||
| 942 |
_2ddc _cEN _h351.9 _mNOO |
||
| 999 |
_c126360 _d126360 |
||